Elektronen-Übermikroskopie : Physik, Technik, Ergebnisse /

Bibliographic Details
Main Author: Ardenne, Manfred, Baron von, 1907-
Format: Book
Language:German
Published: Ann Arbor, Mich. : Edwards Brothers, 1943.
Subjects:

MARC

Tag First Indicator Second Indicator Subfields
LEADER 00000cam a2200000Ii 4500
001 in00000048645
005 20151007073556.0
008 760826s1943 miuaf b 001 0 ger d
035 |a (OCoLC)ocm02398636 
035 |a (OCoLC)02398636 
035 |9 AAE9966AM 
040 |a GAT  |c GAT  |d TXA  |d UtOrBLW 
049 |a TXAM 
082 0 4 |a 502.8 
090 |a QH212.E4  |b A73 1943 
092 |a 578  |b A676e 
100 1 |a Ardenne, Manfred,  |c Baron von,  |d 1907- 
245 1 0 |a Elektronen-Übermikroskopie :  |b Physik, Technik, Ergebnisse /  |c Manfred von Ardenne. 
264 1 |a Ann Arbor, Mich. :  |b Edwards Brothers,  |c 1943. 
300 |a xvi, 393 pages :  |b illustrations, diagrams, plate ;  |c 26 cm. 
336 |a text  |b txt  |2 rdacontent 
337 |a unmediated  |b n  |2 rdamedia 
338 |a volume  |b nc  |2 rdacarrier 
500 |a "Mit einem titelbild, einer photographischen tafel une 404 abbildungen." 
500 |a Reprint of the 1940 edition published by J. Springer, Berlin. 
500 |a Photo-lithoprint reproduction, Edwards Brothers, inc., Ann Arbor, Michigan, 1943. 
504 |a Includes bibliographical references and index. 
650 0 |a Electron microscopes. 
949 |a updated  |b h  |c 2006/1/30  |e fpiscitelli  |f 1:51:54 pm 
994 |a C0  |b TXA 
999 |a MARS 
999 f f |s 82bca5a9-0cdd-325b-b364-45309caa4055  |i 473435c1-dd64-354d-8a3c-be11210295c9  |t 0 
952 f f |p ric  |a Texas A&M University  |b Rellis Campus  |c Joint Library Facility  |d Remote Storage  |t 0  |e QH212.E4 A73 1943  |h Library of Congress classification  |i unmediated -- volume  |m A14800981871 
998 f f |a QH212.E4 A73 1943  |t 0  |l Remote Storage